Beach Litter Pollution (Record no. 207401)

MARC details
000 -LEADER
fixed length control field 00890nam a22002897a 4500
005 - DATE AND TIME OF LATEST TRANSACTION
control field 20241204124909.0
010 ## - LCCN (DPL NO)
LC control number ENG-142834
020 ## - INTERNATIONAL STANDARD BOOK NUMBER
International Standard Book Number 9789354938597
Terms of availability 600.00
035 ## - SYSTEM CONTROL NUMBER
System control number EN-126366
037 ## - SOURCE OF ACQUISITION
Source of stock number/acquisition State Pollution Control Board,Odisha
082 ## - DEWEY DECIMAL CLASSIFICATION NUMBER
Classification number 363.7392
100 ## - MAIN ENTRY--PERSONAL NAME
Personal name Murugesan, K.
245 ## - TITLE STATEMENT
Title Beach Litter Pollution
Statement of responsibility, etc by K.Murugesan....{et.d}
260 ## - PUBLICATION, DISTRIBUTION, ETC. (IMPRINT)
Place of publication, distribution, etc Bhubaneswar
Name of publisher, distributor, etc State Pollution Control Board, odisha
Date of publication, distribution, etc 2021
270 ## - ADDRESS
Address 4th Floor, Plot No. B-95/2&3
City Bhubaneshwar
Postal code 751024
300 ## - PHYSICAL DESCRIPTION
Extent 81p.
Dimensions 24cm(Hbk)
700 ## - ADDED ENTRY--PERSONAL NAME
Personal name K.Murugesan
9 (RLIN) 74641
700 ## - ADDED ENTRY--PERSONAL NAME
Personal name N.Mallick
9 (RLIN) 74642
700 ## - ADDED ENTRY--PERSONAL NAME
Personal name S.S.Pati
9 (RLIN) 74643
700 ## - ADDED ENTRY--PERSONAL NAME
Personal name S.D.Sharma
9 (RLIN) 74644
700 ## - ADDED ENTRY--PERSONAL NAME
Personal name B.S. Panda
9 (RLIN) 74671
700 ## - ADDED ENTRY--PERSONAL NAME
Personal name S. Mishra
9 (RLIN) 74672
700 ## - ADDED ENTRY--PERSONAL NAME
Personal name S.Nayak
9 (RLIN) 74673
700 ## - ADDED ENTRY--PERSONAL NAME
Personal name B.Sarangi
9 (RLIN) 74674
700 ## - ADDED ENTRY--PERSONAL NAME
Personal name S.K.Mohanty
9 (RLIN) 74675
942 ## - ADDED ENTRY ELEMENTS (KOHA)
Source of classification or shelving scheme Dewey Decimal Classification
Item type English Books
Classification part 363.7392
Call number suffix MUR
Holdings
Withdrawn status Lost status Not for loan Collection code Home library Current library Date acquired Source of acquisition Cost, normal purchase price Full call number Barcode Copy number Cost, replacement price Koha item type
      Non-fiction R.K.Puram-8 R.K.Puram-8 04/12/2024 DBAD 600.00 363.7392 MUR EN-126366 1 600.00 English Books

© Delhi Public Library
Hit Counter
free hit counter